Представление документа в формате RUSMARC

ПолеНазваниеЗначение
  Тип записи a
  Библиографический уровень m
001 Контрольный номер RU/SLIB/B/208753609
005 Дата корректировки 20201206204142.7
010 Индекс ISBN __
d Цена 1-50
101 Язык документа __
a Язык текста rus
200 Заглавие и сведения об ответственности __
a Заглавие Василий Иванович Баженов
b Общее обозначение материала Текст
210 Выходные данные __
a Место издания М.
c Издательство Искусство
d Дата издания 1985
215 Физическое описание __
a Объем 168 с., [24] л. ил., портр.
225 Серия __
a Серия Жизнь в искусстве
600 Персоналии __
a Персоналии (Фамилия) Баженов, В. И.
g Полное имя Василий Иванович
606 Тематические рубрики __
a Основная рубрика Изобразительное искусство и архитектура
z Хронологическая подрубрика 1737-1799 гг.; 18 в.
y Географическая подрубрика Россия
606 Тематические рубрики __
a Основная рубрика История архитектуры
610 Ключевые слова __
a Ключевые слова архитекторы; русский классицизм; персоналии; русские архитекторы
686 Индексы других классификаций __
a Классификационный индекс 85.113(2=411.2)51-8; ст85.113(2)г
700 Автор __
a Фамилия Разгонов
b Имя С. Н.
4 Код отношения 070
801 Источник записи _0
a Страна RU
b Организация Муниципальное бюджетное учреждение культуры "Централизованная библиотечная система" г. Сургут (Центральная городская библиотека им. А. С. Пушкина)
g Правила каталогизации КиК/Уланова
801 Источник записи _1
a Страна RU
b Организация Муниципальное бюджетное учреждение культуры "Централизованная библиотечная система" г. Сургут (Центральная городская библиотека им. А. С. Пушкина)
g Правила каталогизации КиК/Уланова
852 Данные о местонахождении __
j Шифр хранения 85.113(2=411.2)51-8
c Каталожный индекс 85.113(2)1-8
i Авторский знак Р 17
p Инвентарный номер 25386
901 Тип документа __
t Тип документа m
903 Характеристики (МАРС) __
a Дата передачи 20090111
990 Данные о заказе (DOS) __
j Количество экземпляров (DOS) 6